000
00292cam a22001097a 4500
008
180718b-- xxu||||| |||| 00| 0 eng d
082
_a
A45:T19 IDE
100
_a
Institute of Developing Economies
245
_a
Annual report
260
_a
Chiba
_b
The author
_c
--
500
_a
Library has 2005, 2011
999
_c
501707
_d
501707